Rhétorique
Saved in:
| Main Authors: | , |
|---|---|
| Format: | Book |
| Language: | French Greek, Modern (1453- ) |
| Published: |
París
Société d'édition Les Belles Lettres
1960
|
| Edition: | 2a. ed |
| Series: | Collection des universités de France
|
| Subjects: | |
| Tags: |
Add Tag
No Tags, Be the first to tag this record!
|
MARC
| LEADER | 00000nam a2200000 a 4500 | ||
|---|---|---|---|
| 001 | UCY6437 | ||
| 003 | CL-VaPUC | ||
| 008 | 950526e19600000FR |||||||||||||||||fre|d | ||
| 041 | 0 | 7 | |a fre |2 CL-VaPUC |
| 041 | 0 | 7 | |a gre |2 CL-VaPUC |
| 082 | 0 | 4 | |a 185 |b ARI |2 21 |
| 100 | |a Aristóteles, |d 384 a.C.- 322 a.C. |e author |9 194 | ||
| 700 | 0 | |a Dufour, Méderic |e author |9 336360 | |
| 245 | 1 | 0 | |a Rhétorique |
| 250 | |a 2a. ed | ||
| 300 | |a v | ||
| 942 | |c BK | ||
| 945 | |d 19950526 00:00:00 |a oaravena | ||
| 260 | |a París |b Société d'édition Les Belles Lettres |c 1960 | ||
| 650 | 0 | |a Filosofía |9 223554 | |
| 650 | 0 | |a Filosofía antigua |9 255705 | |
| 650 | 0 | |a Retórica |9 266620 | |
| 650 | 0 | |a Lógica |9 256849 | |
| 651 | 0 | |a Grecia |9 265314 | |
| 583 | |a last modification |c 19950526 00:00:00 |k Rodrigo Vera | ||
| 490 | 0 | |a Collection des universités de France | |
| 999 | |c 234002 |d 234000 | ||
| 952 | |0 0 |1 0 |4 0 |6 185_000000000000000_ARI_1960 |7 0 |8 P |9 239920 |a BIBEDU |b BIBEDU |c BIBEDU_PB |d 2019-11-18 |h v.1 |i 1512056 |o 185 ARI 1960 |p 1512056 |r 2024-01-25 |w 2019-11-18 |y BK |k FIL | ||
| 952 | |0 0 |1 0 |4 0 |6 185_000000000000000_ARI_1960 |7 0 |8 P |9 239921 |a BIBEDU |b BIBEDU |c BIBEDU_PB |d 2019-11-18 |h v.2 |i 1512064 |o 185 ARI 1960 |p 1512064 |r 2024-01-25 |w 2019-11-18 |y BK |k FIL | ||